Statistiken für Premier League Darts Teilnehmer seit 2005

Klicken Sie hier um das Quiz zu spielen!

Allgemein

  • Dieses Quiz wurde 99 mal gespielt
  • Das Durchschnittsergebnis liegt bei 25 aus 41

Antwortstatistiken

HintAntwort% Korrekt
Niederlande2013Michael van Gerwen
99%
England2005Phil Taylor
98%
Wales2018Gerwyn Price
96%
England2024Luke Littler
93%
Schottland2014Peter Wright
93%
Niederlande2006Raymond van Barneveld
93%
Schottland2011Gary Anderson
91%
England2024Luke Humphries
91%
Portugal2021José de Sousa
88%
Österreich2018Mensur Suljović
88%
England2016Michael Smith
86%
Belgien2021Dimitri van den Bergh
85%
Australien2010Simon Whitlock
79%
England2007Adrian Lewis
78%
Wales2021Jonny Clayton
78%
England2018Rob Cross
76%
Belgien2015Kim Huybrechts
75%
England2020Nathan Aspinall
73%
England2008James Wade
70%
Kanada2005John Part
68%
Nordirland2018Daryl Gurney
66%
England2023Chris Dobey
65%
England2022Joe Cullen
64%
England2015Stephen Bunting
61%
England2014Dave Chisnall
59%
England2020Glen Durrant
45%
Niederlande2009Jelle Klaasen
43%
Schottland2013Robert Thornton
43%
England2012Andy Hamilton
38%
England2007Dennis Priestley
38%
Wales2011Mark Webster
38%
England2009Mervyn King
38%
England2005Peter Manley
38%
Niederlande2005Roland Scholten
33%
England2005Wayne Mardle
33%
England2012Kevin Painter
29%
England2005Colin Lloyd
25%
England2005Mark Dudbridge
21%
England2007Terry Jenkins
19%
England2006Ronnie Baxter
15%
England2013Wes Newton
15%

Verteilung der Resultate

Perzentil nach korrekt beantworteten Fragen

Anzahl Personen mit jedem Resultat

Ihre Resultats-Entwicklung

Sie haben dieses Quiz noch nicht gespielt